01059nam a2200169Ia 4500008004100000050001800041245020500059260003300264300001100297650007300308700006000381952010700441952010700548952010700655952011000762999001700872120721s9999 xx 000 0 und d aK5000 A3 1996 aLa ciencia penal y la política criminal en el umbral del siglo XXI : coloquio internacional : con motivo de la instauración del Instituto Nacional de Ciencias Penales (INACIPE) (1996 : ENE. 22-26) a[México] : INACIPE, [1998] a470 p. a1. Derecho penal - Congresos 2. Derecho penal - México - Congresos aI. Instituto Nacional de Ciencias Penales (México)Ì 00104070a08b08d2008-12-17l2oK5000 A3 1996p08 001501r2015-04-13s2015-04-13t1w2012-07-20yLB 00104070a08b08d2009-03-05l2oK5000 A3 1996p08 001508r2015-04-13s2015-04-13t2w2012-07-20yLB 00104070a08b08d2009-03-05l2oK5000 A3 1996p08 001514r2015-04-13s2015-04-13t3w2012-07-20yLB 00104070a08b08d2009-03-05l4m1oK5000 A3 1996p08 001515r2015-04-15s2015-04-14t4w2012-07-20yLB c81572d81572